[Event "COL-ch visually impaired 2nd"]
[Site "Cali"]
[Date "2008.10.27"]
[Round "6.13"]
[White "Restrepo, Edwin"]
[Black "Luna Mendoza, Maximo"]
[Result "1-0"]
[WhiteElo "1600"]
[BlackElo "1600"]
[PlyCount "25"]
[EventDate "2008.10.25"]
[EventType "swiss"]
[EventRounds "7"]
[EventCountry "COL"]
[SourceTitle "EXT 2024"]
[Source "ChessBase"]
[SourceDate "2023.10.10"]
[SourceVersion "1"]
[SourceVersionDate "2023.10.10"]
[SourceQuality "1"]

1. e4 e5 2. Nf3 Nc6 3. d4 d6 4. Nc3 Qe7 5. Nd5 Qe6 6. Nxc7+ Ke7 7. Nxe6 Kxe6 8. d5+ Kd7 9. dxc6+ bxc6 10. Nxe5+ Ke6 11. Nxc6 Bb7 12. Qg4+ f5 13. Qxf5# 1-0